Logo BPK

Biblioteka

Politechniki Koszalińskiej

Zadania samorządów lokalnych w rozwoju demograficznym. (Rekord nr 50198)

Szczegóły MARC
000 -ETYKIETA REKORDU
podpole kontrolne o stałej długości 01005nam a2200265 i 4500
001 - NUMER KONTROLNY REKORDU
pole kontrolne bg
020 ## - MIĘDZYNARODOWY ZNORMALIZOWANY NUMER KSIĄŻKI - ISBN
ISBN 839145715X
040 ## - ŹRÓDŁO KATALOGOWANIA
Instytucja, która utworzyła rekord BPK
041 ## - KOD JĘZYKA
Kod języka tekstu pl
080 ## - UNIWERSALNA KLASYFIKACJA DZIESIĘTNA - UKD
UKD 314(438)
080 ## - UNIWERSALNA KLASYFIKACJA DZIESIĘTNA - UKD
UKD 352(438)
920 ## - Międzynarodowy znormalizowany numer książki – ISBN
ISBN 83-914571-5-X
008 - POLE O STAŁEJ DŁUGOŚCI - DANE KONTROLNE
podpole kontrolne o stałej długości s pl f |000 0 pol
245 #0 - TYTUŁ/ODPOWIEDZIALNOŚĆ
Tytuł Zadania samorządów lokalnych w rozwoju demograficznym.
Oznaczenie części/sekcji dzieła T.6 /
Ciąg dalszy tytułu konferencja, Skierniewice, 13-14 czerwca 2002.
Pozostałe elementy strefy tytułu i oznaczenia odpowiedzialności pod red. Józefiny Hryniewicz ; Rządowa Rada Ludnościowa, Wyższa Szkoła Ekonomiczno- Humanistyczna w Skierniewicach.
260 ## - STREFA ADRESU WYDAWNICZEGO
Miejsce wydania Skierniewice :
Nazwa wydawcy/dystrybutora Wydaw. WSEH w Skierniewicach,
Data publikacji, dystrybucji/powstania dokumentu 2002.
300 ## - STREFA OPISU FIZYCZNEGO
Objętość 205 s. :
Inne cechy fizyczne il., tabl. ;
Rozmiary 24 cm.
504 ## - UWAGA DOTYCZĄCA BIBLIOGRAFII
Informacje o bibliografii Bibliogr. przy ref.
650 #4 - HASŁO PRZEDMIOTOWE W FORMIE NAZWY OGÓLNEJ LUB JEDNOSTKOWEJ
Nazwa ogólna lub geograficzna Migracje
Określnik ogólny socjologia
Określnik geograficzny Polska
Określnik chronologiczny od 1989 r.
650 #4 - HASŁO PRZEDMIOTOWE W FORMIE NAZWY OGÓLNEJ LUB JEDNOSTKOWEJ
Nazwa ogólna lub geograficzna Samorządy lokalne
Określnik geograficzny Polska
Określnik chronologiczny od 1989 r.
650 #4 - HASŁO PRZEDMIOTOWE W FORMIE NAZWY OGÓLNEJ LUB JEDNOSTKOWEJ
Nazwa ogólna lub geograficzna Materiały konferencyjne
700 1# - HASŁO DODATKOWE - NAZWA OSOBOWA
Nazwa osobowa Hryniewicz, Józefina.
Określenie związku między hasłem a opisywanym materiałem Red.
710 ## - HASŁO DODATKOWE - NAZWA CIAŁA ZBIOROWEGO
Nazwa ciała zbiorowego lub jednostki geograficznej Rządowa Rada Ludnościowa
710 ## - HASŁO DODATKOWE - NAZWA CIAŁA ZBIOROWEGO
Nazwa ciała zbiorowego lub jednostki geograficznej Wyższa Szkoła Ekonomiczno- Humanistyczna (Skierniewice)
856 ## - LOKALIZACJA I DOSTĘP DO ELEKTRONICZNYCH DOKUMENTÓW ZDALNYCH
Link (URL) http://koha.tu.koszalin.pl/cgi-bin/koha/opac-detail.pl?biblionumber=50198
Tekst linku Katalog online BPK
942 ## - DODATKOWE ELEMENTY (KOHA)
Typ dokumentu Książka
Egzemplarze
Wycofany Status egzemplarza Uszkodzony Dostępność Lokalizacja stała Lokalizacja bieżąca Miejsce przechowywania Sygnatura Kod kreskowy Dział Typ dokumentu
      W opracowaniu Biblioteka Politechniki Koszalińskiej Biblioteka Politechniki Koszalińskiej Czytelnia Wydziałowa ul. Kwiatkowskiego 6e D 306 02233796 314 Demografia Książka
© 2023 Biblioteka Politechniki Koszalińskiej :: KOHA